| 000 | 00613nam a22001815i 4500 | ||
|---|---|---|---|
| 001 | 167219 | ||
| 003 | ES-MaACL | ||
| 005 | 20250815062611.0 | ||
| 008 | 960320s1826 sp |||| | spa d | ||
| 040 |
_aCLM _bspa _cCCPB | SIC |
||
| 100 | 1 |
_aVerdejo Páez, Francisco. _9114019 |
|
| 245 | 1 | 0 |
_aElementos de historia universal... / _cpor Francisco Verdejo Paez. |
| 260 |
_aMadrid : _b[s.n.], _c1826 ( _fImprenta de Repullés) |
||
| 300 |
_a2 v. (CXXVIII, 238; 427 p.) ; _c16 cm. |
||
| 650 | 7 |
_aHistoria universal _2embne _913429 |
|
| 852 |
_aES-MaACL _jD-2764-65 _z-- Enc. pasta española |
||
| 999 |
_c167219 _d167219 |
||